000 00792nam a2200253 i 4500
001 142344
003 ES-MaACL
005 20250801143536.0
007 t|
008 071004s1985 sp ||||1| spa d
020 _a84-339-1723-4
080 _a86-311.2"19"
080 _a86(Vila-Matas, E. 7 H. 01)
100 1 _aVila-Matas, Enrique.
_9114728
245 1 0 _aHistoria abreviada de la literatura pórtatil /
_cEnrique Vila-Matas.
260 _aBarcelona :
_bAnagrama,
_c1985.
300 _a124 p. ;
_c20 cm.
490 1 _aNarrativas hispánicas ;
_v23
504 _aBibliografía : p. 123 . - Indice.
650 1 7 _aLiteratura y sociedad
_2embne
_914679
830 0 0 _aNarrativas hispánicas (Anagrama)
_v23
_9178124
852 _aES-MaACL
_jL-9537
_bR.110386
999 _c142344
_d142344